000
00297cam a2200109ua 4500
082
_a
823.308
_b
TRO/BA
100
_a
Trollope, Anthony.
_9
1834
245
_a
Barchester Towers, Vol - 1 /
260
_a
London :
_b
Geoffrey Cambridge Oxford Universities Press ,
_c
1953.
300
_a
282 ; .
942
_c
BK
999
_c
5070
_d
5070